Score 0/20 Timer 06:00
0 Plays Today
Cryptic Clue Fish % Correct
James Bond's fingerGoldfish
56.4%
BrandoMarlin
54.3%
Mr RushdieSalmon
46.1%
The budgie fell offPerch
41.6%
Tiddles is swimming!Catfish
39.1%
Coco perhaps?Clownfish
36.6%
Stupid Boy!Pike
33.7%
CelebrityStarfish
31.7%
Beloved of Robbie WilliamsAngelfish
28.8%
On iceSkate
24.7%
Cryptic Clue Fish % Correct
One in holy ordersMonkfish
23%
Blind PianistTuna
22.6%
And Flu Remedy?Cod
22.6%
Enclosure for a horseHaddock
21.8%
I do this of Jeannie?Bream
21.4%
With ice-creamJellyfish
17.3%
Fighting scene in World War ITench
15.2%
Lock on the front doorChub
14.4%
Wears red braces and drives a PorcheGuppy
11.1%
Cloud formationMackerel
10.3%
Remove Ads.
Support Sporcle.
Get the best of Sporcle when you Go Orange. This ad-free experience offers more features, more stats, and more fun while also helping to support Sporcle. Thank you for becoming a member.

You're not logged in!

Compare scores with friends on all Sporcle quizzes.
OR
Log In

Show Comments

Extras

Created Sep 25, 2009ReportNominate
Tags:Cryptic, fish, Funny

Top Quizzes Today


Score Distribution

Your Account Isn't Verified!

In order to create a playlist on Sporcle, you need to verify the email address you used during registration. Go to your Sporcle Settings to finish the process.

Report this User

Report this user for behavior that violates our Community Guidelines.

Details: